000 00683nam a2200181Ia 4500
001 12640
003 GE_BSU
008 181216s||||||||xx |||||||||||||| ||und||
040 _cGE_BSU
080 _a635.9
245 _aСелекция,сортоизучение,размножение и экономика декоративных растении
245 _cРед.колл.Болдырев,М.И. Гл.ред.М.И.Болдырев
260 _aМичуринск
260 _c1988
300 _a94стр.22см.
653 _aСелекция,сортоизучение,размножение и экономика декоративных растении
942 _cBK
999 _c45811
_d45811